Mammals by Picture - Hard - Statistics

General Stats
  • This quiz has been taken 497 times
  • The average score is 6 of 16
Answer Stats
Picture Answer % Correct
Tapir
80%
Pangolin
69%
Sun Bear
69%
Honey Badger
64%
Ocelot
53%
Wolverine
52%
Flying Fox Bat
41%
Gibbon
41%
Amazon River Dolphin
32%
Coatimundi
24%
Elephant Shrew
19%
Flying Squirrel
16%
Saiga Antelope
13%
Agouti
12%
Chinese Water Deer
7%
Fat-Tailed Gerbil
2%
No matching quizzes found
Score Distribution
Percent of People with Each Score
Percentile by Number Answered
Your Score History
You have not taken this quiz